| 000 | 00482cam a22001697 4500 | ||
|---|---|---|---|
| 001 | ltf91075160 | ||
| 003 | DLC | ||
| 005 | 20260227111554.0 | ||
| 008 | 910702q19001953xx 000 0 swe | ||
| 010 | _altf91075160 | ||
| 040 |
_aDLC _cDLC _dDLC |
||
| 050 | 0 | 0 | _a4PT Swed 266 |
| 100 | 1 |
_aHyltén-Cavallius, Gunnar Olof, _d1818-1889. |
|
| 245 | 1 | 0 | _aRegister [till] G.O. Hyltén-Cavallius' handskrivna samling av svenska folkvisor. |
| 260 |
_a[n.p. _c19 ] |
||
| 300 | _a4 v. (96 1.) | ||
| 999 |
_c37680 _d37680 |
||